Name a Country Where These Reptiles Are Found #6 - Statistics

General Stats
  • This quiz has been taken 12 times
  • The average score is 65 of 155
Answer Stats
Picture Hint Answer % Correct
Nile Crocodile Angola | Benin | Botswana | Burkina Faso | Burundi | Cameroon | Central African Republic | Chad | Democratic Republic of the Congo | Republic of the Congo | Egypt | Ethiopia | Gabon | Gambia | Ghana | Guinea | Guinea-Bissau | Ivory Coast | Kenya | Liberia | Madagascar | Malawi | Mali | Mauritania | Mozambique | Namibia | Niger | Nigeria | Rwanda | Senegal | Sierra Leone | Somalia | South Africa | Eswatini | Sudan | South Sudan | Tanzania | Togo | Uganda | Zambia | Zimbabwe
91%
Yacare Caiman Argentina | Bolivia | Brazil | Paraguay
91%
Freshwater Crocodile Australia
91%
Chinese Alligator China
91%
Malayan Pit Viper Nepal | Thailand | Cambodia | Laos | Vietnam | Malaysia | Indonesia
91%
Southern African Rock Python South Africa | Eswatini | Angola | Namibia | Zimbabwe | Zambia | Mozambique | Tanzania | Democratic Republic of the Congo | Malawi | Botswana
91%
Gharial Bangladesh | Bhutan | Myanmar | India | Nepal | Pakistan
82%
Spectacled Caiman Brazil | Colombia | Costa Rica | Ecuador | El Salvador | Guyana | Guatemala | Honduras | Mexico | Nicaragua | Panama | Peru | Suriname | Trinidad & Tobago | Venezuela | France (French Guiana)
82%
Central African Rock Python Democratic Republic of the Congo | Cameroon | Republic of the Congo | Burkina Faso | Gabon | Equatorial Guinea | Central African Republic | South Sudan | Ethiopia | Somalia | Uganda | Kenya | Angola | Tanzania | Rwanda | Burundi | Chad | Nigeria | Niger | Benin | Togo | Guinea | Guinea-Bissau | Ivory Coast | Ghana | Sierra Leone | Liberia | Mauritania | Gambia | Senegal | Mali
82%
Timor Python Indonesia
82%
Tiger Rattlesnake Mexico | United States of America
82%
Pygmy Rattlesnake United States of America
82%
Black Caiman Bolivia | Brazil | Colombia | Ecuador | Guyana | Peru | France (French Guiana)
73%
Smooth-Fronted Caiman Brazil | Peru | Ecuador | Venezuela | Bolivia | Guyana | Suriname | France (French Guiana)
73%
Chinese Mountain Pit Viper China | Bhutan | Nepal | Bangladesh | Myanmar | Thailand | Cambodia | Laos | Vietnam | Taiwan | India | Malaysia
73%
Saltwater Crocodile India | Sri Lanka | Bangladesh | Myanmar | Malaysia | Indonesia | Singapore | Philippines | Palau | Australia | Papua New Guinea | Solomon Islands | East Timor | Vanuatu
73%
Sumatran Palm Pit Viper Indonesia
73%
Sahara Sand Viper Mauritania | Morocco | Mali | Niger | Algeria | Tunisia | Libya | Egypt | Israel | Jordan
73%
Burmese Python Myanmar | Vietnam | Cambodia | Laos | Thailand | Bangladesh | India | Indonesia | China
73%
Cuvier's Dwarf Caiman Peru | Ecuador | Colombia | Venezuela | Guyana | Suriname | Brazil | Bolivia | Paraguay | Trinidad & Tobago | France (French Guiana)
73%
Arabian Horned Viper Saudi Arabia | Israel | Qatar | United Arab Emirates | Oman | Yemen | Iraq | Iran | Kuwait | Jordan
73%
Eastern Copperhead United States of America | Mexico
73%
American Alligator United States of America | Mexico
73%
Western Diamondback Rattlesnake United States of America | Mexico
73%
Amazonian Toad-Headed Pitviper Bolivia | Brazil | Colombia | Ecuador | Peru
64%
Orinoco Crocodile Colombia | Venezuela | Guyana | Brazil
64%
Sumatran Short-Tailed Python Indonesia
64%
Black-Tailed Rattlesnake Mexico | United States of America
64%
Siamese Crocodile Myanmar | Laos | Thailand | Cambodia | Vietnam | Brunei | Indonesia | Malaysia
64%
False Gharial Singapore | Malaysia | Thailand | Indonesia | Brunei
64%
West African Crocodile South Sudan | Uganda | Democratic Republic of the Congo | Mauritania | Benin | Liberia | Guinea-Bissau | Nigeria | Niger | Cameroon | Chad | Sierra Leone | Central African Republic | Equatorial Guinea | Senegal | Mali | Guinea | Gambia | Burkina Faso | Ghana | Gabon | Togo | Ivory Coast | Republic of the Congo
64%
Broad-Banded Copperhead United States of America
64%
Eastern Diamondback Rattlesnake United states of America
64%
Timber Rattlesnake United States of America
64%
Prairie Rattlesnake United States of America | Canada | Mexico
64%
American Crocodile United States of America | Mexico | Belize | Costa Rica | Ecuador | El Salvador | Guatemala | Honduras | Nicaragua | Panama | Cuba | Haiti | Dominican Republic | Jamaica | Trinidad & Tobago | Colombia | Peru | Venezuela | France (Martinique) | United Kingdom (Cayman Islands)
64%
Western Rattlesnake United States of America | Mexico | Canada
64%
Black-Headed Python Australia
55%
Water Python Australia | Papua New Guinea
55%
São Paulo Lancehead Brazil
55%
Dwarf Crocodile Democratic Republic of the Congo | Equatorial Guinea | Gabon | Republic of the Congo | Cameroon | Central African Republic | Nigeria | Chad | Angola | Benin | Togo | Burkina Faso | Ghana | Ivory Coast | Mali | Sierra Leone | Liberia | Guinea
55%
Gaboon Viper Democratic Republic of the Congo | Nigeria | Equatorial Guinea | Gabon | Cameroon | Republic of the Congo | South Sudan | Uganda | Kenya | Tanzania | Rwanda | Zambia | Chad | Angola | Mozambique | Zimbabwe | Eswatini | South Africa | Malawi
55%
Rhinoceros Viper Democratic Republic of the Congo | Nigeria | Sierra Leone | Liberia | Ivory Coast | Togo | Benin | Ghana | Equatorial Guinea | Cameroon | Gabon | Republic of the Congo | Central African Republic | Rwanda | Uganda | Kenya | South Sudan
55%
Reticulated Python India | Bangladesh | Myanmar | Thailand | Laos | Cambodia | Vietnam | Malaysia | Singapore | Indonesia | Philippines
55%
Mamushi Japan
55%
Malagasy Leaf-Nosed Snake Madagascar
55%
Malagasy Giant Hognose Snake Madagascar
55%
Tropical Rattlesnake Mexico | Guatemala | Belize | El Salvador | Honduras | Nicaragua | Costa Rica | Colombia | Venezuela | Guyana | Brazil | Suriname | Peru | Bolivia | Paraguay | Uruguay | Argentina | France (French Guiana)
55%
Blue Rattlesnake Mexico | United States of America
55%
Green Tree Python Papua New Guinea | Indonesia | Australia
55%
Sumatran Pitviper Thailand | Malaysia | Indonesia
55%
Sidewinder United States of America | Mexico
55%
Mangrove Pit Viper Bangladesh | Myanmar | Thailand | Malaysia | Singapore | Indonesia
45%
Broad-Snouted Caiman Brazil | Argentina | Uruguay | Paraguay | Bolivia
45%
Jararaca Brazil | Paraguay | Argentina
45%
Mangshan Pit Viper China
45%
White-Lipped Pit Viper China | India | Myanmar | Thailand | Cambodia | Laos | Vietnam
45%
Atlantic Bushmaster Colombia | Ecuador | Brazil | Venezuela | Suriname | Guyana | Trinidad & Tobago | Peru | Bolivia | France (French Guiana)
45%
Ball Python Democratic Republic of the Congo | Uganda | South Sudan | Central African Republic | Cameroon | Republic of the Congo | Chad | Nigeria | Niger | Burkina Faso | Ghana | Togo | Benin | Ivory Coast | Mali | Guinea | Liberia | Sierra Leone | Guinea-Bissau | Gambia | Senegal
45%
Swazi Rock Snake Eswatini | South Africa
45%
Persian Horned Viper Iran | Pakistan | Afghanistan | Oman | United Arab Emirates | Jordan | Kuwait | Syria | Saudi Arabia
45%
Desert Horned Viper Iraq | Syria | Saudi Arabia | Yemen | Jordan | Israel | Kuwait | Libya | Egypt | Qatar | Sudan
45%
Terciopelo Mexico | Guatemala | Belize | Honduras | Nicaragua | Panama | Costa Rica | Colombia | Venezuela | Ecuador | Peru | Guyana
45%
Carpet Python Papua New Guinea | Indonesia | Australia
45%
Water Moccasin United States of America
45%
Eastern Massasauga United States of America | Canada
45%
Bredl's Python Australia
36%
Woma Python Australia
36%
Children's Python Australia
36%
Rough-Scaled Python Australia
36%
Olive Python Australia
36%
Jararacussu Brazil | Paraguay | Bolivia | Argentina
36%
Steppe Ribbon Racer China | Mongolia | Russia | Kazakhstan | Azerbaijan | Kyrgyzstan | Tajikistan | Turkmenistan | Uzbekistan | Afghanistan | Iran | Pakistan
36%
Common Lancehead Colombia | Venezuela | Trinidad & Tobago | Guyana | Suriname | Ecuador | Peru | Panama | Bolivia | Brazil | France (French Guiana)
36%
Puff Adder Ethiopia | Somalia | Djibouti | Eritrea | Kenya | Uganda | Tanzania | Rwanda | Burundi | Zambia | Botswana | Zimbabwe | Namibia | Democratic Republic of the Congo | South Africa | Eswatini | Lesotho | South Sudan | Sudan | Central African Republic | Cameroon | Chad | Niger | Nigeria | Benin | Togo | Ghana | Ivory Coast | Burkina Faso | Guinea-Bissau | Guinea | Mali | Gambia | Senegal | Sierra Leone | Morocco | Malawi | Saudi Arabia | Yemen | Oman
36%
Large-Scaled Pit Viper India
36%
Bamboo Pit Viper India
36%
Rice Paddy Snake India | Myanmar | Thailand | Cambodia | Laos | Malaysia | Indonesia | Vietnam | China | Taiwan
36%
Black-Tailed Python India | Pakistan | Sri Lanka | Bangladesh | Bhutan | Nepal | Myanmar
36%
Mugger Crocodile India | Sri Lanka | Pakistan | Nepal | Myanmar | Bangladesh
36%
Freckled Python Indonesia | East Timor | Papua New Guinea | Australia
36%
Blood Python Malaysia | Indonesia | Thailand | Vietnam
36%
Dragon Snake Malaysia | Thailand | Indonesia
36%
Lance-Headed Rattlesnake Mexico
36%
Central American Jumping Pitviper Mexico | Belize | Guatemala | Honduras | Nicaragua | Costa Rica | El Salvador | Panama
36%
Eastern Russell's Viper Myanmar | Thailand | Cambodia | China | India | Taiwan | Indonesia | Laos | Vietnam
36%
D'Albertis Python Papua New Guinea | Indonesia | Australia
36%
Saint Lucia Lancehead Saint Lucia
36%
Beautiful Pit Viper Thailand
36%
Olive Grass Snake Angola | Botswana | Eswatini | Malawi | Mozambique | Namibia | South Africa | Zambia | Zimbabwe | Central African Republic | Democratic Republic of the Congo | Gabon | Kenya | South Sudan | Tanzania | Uganda | Chad | Cameroon | Nigeria | Republic of the Congo | Rwanda | Burundi
27%
Horned Adder Angola | Namibia | Botswana | Zimbabwe | South Africa
27%
Siebold's Water Snake Bangladesh | India | Malaysia
27%
Long-Tailed Threadsnake Botswana | Kenya | Mozambique | Somalia | South Africa | Tanzania | Zambia | Zimbabwe
27%
Rufous Beaked Snake Botswana | Zimbabwe | Mozambique | Tanzania | Uganda | Kenya | South Sudan | Sudan
27%
Golden Lancehead Brazil
27%
Common Sunbeam Snake China | Myanmar | India | Vietnam | Laos | Cambodia | Thailand | Malaysia | Singapore | Indonesia | Philippines
27%
Speckled Forest-Pitviper Colombia | Ecuador | Peru | Brazil
27%
Parrotsnake Colombia | Venezuela | Guyana | Suriname | Brazil | Ecuador | Peru | Bolivia | France (French Guiana)
27%
Spiny Bush Viper Democratic Republic of the Congo | Uganda | Kenya | Tanzania
27%
Meadow Viper France | Hungary | Italy | Serbia | Montenegro | Croatia | Bosnia & Herzegovina | Kosovo | North Macedonia | Albania | Romania | Bulgaria | Greece | Turkey | Iran | Armenia | Azerbaijan | Georgia | Russia | Kazakhstan | Kyrgyzstan | Uzbekistan | China
27%
Gabino Viper Guinea | Guinea-Bissau | Liberia | Sierra Leone | Ivory Coast | Ghana | Togo
27%
Rock Viper India
27%
Pope's Pit Viper India | Myanmar | Thailand | Laos
27%
Hump-Nosed Viper India | Sri Lanka
27%
Saw-Scaled Viper India | Sri Lanka | Bangladesh | Pakistan | Oman | United Arab Emirates | Iraq | Iran | Afghanistan | Uzbekistan | Turkmenistan | Tajikistan
27%
Red-Tailed Pit Viper Indonesia
27%
Broad-Banded Pit Viper Indonesia
27%
Eastern Montpellier Snake Italy | Slovenia | Croatia | Bosnia & Herzegovina | Montenegro | Albania | Bulgaria | North Macedonia | Greece | Turkey | Cyprus | Syria | Israel | Jordan | Russia | Georgia | Armenia | Azerbaijan | Iraq | Iran | Egypt | Libya | Tunisia | Algeria
27%
Elegant Pitviper Japan
27%
Eyelash Viper Mexico | Colombia | Venezuela | Costa Rica | Panama | Ecuador | Peru
27%
Hognosed Pitviper Mexico | Guatemala | Belize | Honduras | Nicaragua | Costa Rica | Panama | Colombia | Ecuador
27%
The Western Keeled Snake Namibia | Angola | Zambia
27%
Cape Wolf Snake Namibia | Botswana | South Africa | Zimbabwe | Mozambique | Kenya | Tanzania | Burundi | Rwanda | Uganda | Ethiopia | Eritrea | Somalia | Sudan | South Sudan | Egypt | Zambia | Democratic Republic of the Congo | Malawi | Central African Republic | Cameroon
27%
Many-Horned Adder Namibia | South Africa
27%
McGregor's Pit Viper Philippines
27%
Albany Adder South Africa
27%
Southern Adder South Africa
27%
Spotted House Snake South Africa | Namibia
27%
Lowlands Hump-Nosed Pit Viper Sri Lanka
27%
Formosan Odd-Scaled Snake Taiwan | Japan
27%
Tentacled Snake Thailand | Cambodia | Vietnam
27%
Blunthead Slug Snake Thailand | Malaysia | Indonesia | Brunei | Philippines
27%
White-Headed Fea Viper Vietnam | China | Myanmar
27%
Wagler's Pit Viper Vietnam | Thailand | Malaysia | Singapore | Indonesia
27%
Variegated Wolf Snake Zimbabwe | South Africa | Eswatini | Botswana | Zambia
27%
Red-Black Striped Snake Angola | Democratic Republic of the Congo | Republic of the Congo | Uganda | Nigeria | Benin | Ghana | Ivory Coast | Liberia | Sierra Leone | Cameroon | Central African Republic | South Sudan | Rwanda | Burundi
18%
Ternetz's Blind Snake Argentina | Paraguay | Uruguay | Brazil
18%
Prong-Snouted Blind Snake Australia
18%
Black File Snake Botswana | Burundi | Democratic Republic of the Congo | Eswatini | Kenya | Malawi | Mozambique | Namibia | Rwanda | Somalia | South Africa | Tanzania | Zambia | Zimbabwe
18%
Bibron's Blind Snake Botswana | South Africa | Lesotho | Eswatini | Zimbabwe
18%
Brown-Spotted Pit Viper China | Nepal | Myanmar | Bangladesh | India | Laos | Vietnam | Taiwan
18%
Sharp-Nosed Viper China | Taiwan | Vietnam
18%
Side-Striped Palm Pitviper Costa Rica | Panama
18%
Yellow-Blotched Palm-Pitviper Guatemala | Mexico
18%
Large Worm Snake India | Bangladesh | Myanmar | Thailand | Laos | Cambodia | Vietnam | Malaysia | Indonesia
18%
Mountain Slug Snake India | Bangladesh | Myanmar | Thailand | Laos | Vietnam | Malaysia | China
18%
Bockadam Snake India | Bangladesh | Myanmar | Thailand | Malaysia
18%
White-Spotted Slug Snake India | Myanmar | Thailand | Malaysia | Laos | Cambodia | Vietnam | China
18%
Asp Viper Italy | France | Spain | Germany | Switzerland | Slovenia
18%
Common Big-Eyed Snake Madagascar
18%
Desert Sidewinding Adder Namibia | Angola
18%
Anchieta's Dwarf Python Namibia | Angola
18%
Schinz's Beaked Blind Snake Namibia | Botswana | South Africa
18%
Western Yellow-Bellied Sand Snake Namibia | Botswana | Zimbabwe | Mozambique | Democratic Republic of the Congo | South Africa | Eswatini | Angola | Zambia | Malawi | Sudan | Ethiopia | Central African Republic | South Sudan
18%
Collared Blind Snake Suriname | Brazil | France (French Guiana)
18%
Horned Bush Viper Tanzania
18%
Dwarf Sand Snake Tanzania | Democratic Republic of the Congo | Zambia | Malawi | Mozambique | Angola | Zimbabwe | South Africa
18%
Degerbol's Blind Snake Argentina
9%
Black-Speckled Palm-Pit Viper Costa Rica | Panama
9%
Blotched Palm-Pit Viper Costa Rica | Panama
9%
Merendon Palm Pit-Viper Guatemala | Honduras
9%
Horned Viper Italy | Slovenia | Croatia | Bosnia & Herzegovina | Austria | Romania | Bulgaria | Greece | Turkey | North Macedonia | Serbia | Albania | Montenegro | Kosovo | Georgia | Azerbaijan
9%
Chasen's Tree Viper Malaysia
9%
Keel-Bellied Water Snake Malaysia
9%
Black-Tailed Horned Pitviper Mexico
9%
No matching quizzes found
Score Distribution
Percent of People with Each Score
Percentile by Number Answered
Your Score History
You have not taken this quiz